[Event "Hatay op 10th"]
[Site "Hatay"]
[Date "2018.09.10"]
[Round "9"]
[White "Eker, Mahmut"]
[Black "Buyukasik, Ibrahim"]
[Result "1-0"]
[WhiteElo "1624"]
[BlackElo "1360"]
[PlyCount "69"]
[EventDate "2018.09.02"]
[EventType "swiss"]
[EventRounds "9"]
[EventCountry "TUR"]
[SourceTitle "CBM 186 Extra"]
[Source "ChessBase"]
[SourceDate "2018.08.24"]
[SourceVersion "1"]
[SourceVersionDate "2018.08.24"]
[SourceQuality "1"]

1. e4 d5 2. exd5 Qxd5 3. Nc3 Qd6 4. d4 c6 5. Nf3 Bg4 6. Be2 Nd7 7. Bc4 Ngf6 8. Be3 e6 9. h3 Bh5 10. g4 Bg6 11. Nh4 Nd5 12. Bxd5 cxd5 13. Qd2 a6 14. 0-0 Be7 15. Bf4 Qb6 16. Nxg6 hxg6 17. Rfe1 Bb4 18. Qe3 Bxc3 19. bxc3 0-0 20. Reb1 Qc6 21. Rb3 Nb6 22. h4 Rfc8 23. Qh3 Na4 24. Bd2 b5 25. h5 gxh5 26. Qxh5 b4 27. g5 bxc3 28. Kg2 e5 29. Rh1 Kf8 30. Bc1 Nb2 31. Qh8+ Ke7 32. Qxg7 Nc4 33. Rh6 Qe8 34. Qf6+ Kd7 35. Rb7+ 1-0